00719nam a22002177a 450000500170000000800410001701000150005802000260007303500130009903700130011204000130012504200100013808200150014824501250016326000440028827000560033230000210038850000500040970000220045970000200048120121220111846.0121220t xxu||||| |||| 00| 0 eng d aENG-106517 a9788121211529c850.00 aEN-90050 bDBAD/PUB aDPLbEng alcode a307.12095400aDecentralised governance regional development and women empowerment /cedited by Annpurna Nautiyal [and] Himanshu Bourai aNew Delhi bGyan Publishing Housec2013 a23, Main Ansari Road, DaryaganjbNew Delhi e110002 a284p. c23cm(Hb) aIncludes bibliographical references and index aNautiyal,Annpurna aBourai,Himanshu